Investment in the UK private rented sector (Record no. 110436)
[ view plain ]
| 000 -LEADER | |
|---|---|
| fixed length control field | 01294cad a22002415a 4500 |
| 001 - CONTROL NUMBER | |
| control field | L149238 |
| 008 - FIXED-LENGTH DATA ELEMENTS--GENERAL INFORMATION | |
| fixed length control field | 100209s20100203xxk f 000 0 eng d |
| 020 ## - INTERNATIONAL STANDARD BOOK NUMBER | |
| International Standard Book Number | 9781845326159 |
| 035 ## - SYSTEM CONTROL NUMBER | |
| System control number | (Sirsi) u149238 |
| 041 0# - LANGUAGE CODE | |
| Language code of text/sound track or separate title | eng |
| 050 04 - LIBRARY OF CONGRESS CALL NUMBER | |
| Classification number | 306.1 $2 18 |
| 110 2# - MAIN ENTRY--CORPORATE NAME | |
| Corporate name or jurisdiction name as entry element | United Kingdom |
| Subordinate unit | HM Treasury |
| 245 00 - TITLE STATEMENT | |
| Title | Investment in the UK private rented sector |
| Remainder of title | consultation |
| Medium | [electronic resource] |
| 260 ## - PUBLICATION, DISTRIBUTION, ETC. | |
| Place of publication, distribution, etc. | London |
| Name of publisher, distributor, etc. | HM Treasury |
| Date of publication, distribution, etc. | 2010 |
| 505 2# - FORMATTED CONTENTS NOTE | |
| Formatted contents note | Introduction -- Role of private renting -- Tenure choices and changing demand -- International comparisons -- Individual investment -- Institutional Investment -- Responding to consultation |
| 520 ## - SUMMARY, ETC. | |
| Summary, etc. | The Private Rented Sector (PRS) is playing an increasingly important role in the housing market. Considers the contribution the PRS could make to addressing housing demand and increasing supply, and seeks views on whether there are any substantive barriers to investment. |
| 520 ## - SUMMARY, ETC. | |
| Summary, etc. | Consultation closes 28 April 2010. |
| 590 ## - LOCAL NOTE (RLIN) | |
| Local note | KA NTK |
| 651 #4 - SUBJECT ADDED ENTRY--GEOGRAPHIC NAME | |
| Geographic name | England and Wales |
| Chronological subdivision | 1543- |
| 690 ## - LOCAL SUBJECT ADDED ENTRY--TOPICAL TERM (OCLC, RLIN) | |
| Topical term or geographic name as entry element | PROPERTY-RESIDENTIAL PROPERTY-DOMESTIC RESIDENTNIAL PROPERTY-HOUSING |
| 856 48 - ELECTRONIC LOCATION AND ACCESS | |
| Uniform Resource Identifier | <a href="https://www.hm-treasury.gov.uk/consult_investment_private_rented_sector.htm">https://www.hm-treasury.gov.uk/consult_investment_private_rented_sector.htm</a> |
| Public note | View this online document free of charge at www.hm-treasury.gov.uk |
| 942 ## - ADDED ENTRY ELEMENTS (KOHA) | |
| Suppress in OPAC | 0 |
| Withdrawn status | Lost status | Source of classification or shelving scheme | Damaged status | Not for loan | Home library | Current library | Shelving location | Date acquired | Total Checkouts | Full call number | Barcode | Date last seen | Copy number | Price effective from | Koha item type |
|---|---|---|---|---|---|---|---|---|---|---|---|---|---|---|---|
| Dewey Decimal Classification | Virtual | Virtual | Online | 09/02/2010 | ONLINE PUBLICATION | 149238-2001 | 06/08/2019 | 1 | 06/08/2019 | Book |